Terorizmus ako bezpečnostná hrozba súčasnosti bakalárska práca

Gespeichert in:
Bibliographische Detailangaben
1. Verfasser: Paulinová, Katarína
Körperschaft: Fakulta medzinárodných vzťahov EU. Katedra medzinárodných ekonomických vzťahov a hospodárskej diplomacie
Weitere Verfasser: Holas, Lukáš
Format: Buch
Sprache:Slowakisch
Veröffentlicht: Bratislava 2013
Tags: Tag hinzufügen
Keine Tags, Fügen Sie das erste Tag hinzu!

MARC

LEADER 00000nbm a2200000 4500
001 0176181
005 20170209091746.3
041 0 |a slo 
044 |a SK 
245 1 0 |a Terorizmus ako bezpečnostná hrozba súčasnosti  |b bakalárska práca  |c Katarína Paulinová ; školiteľ: Lukáš Holas 
264 1 |a Bratislava  |c 2013 
300 |a 47 s. 
100 1 |a Paulinová, Katarína 
700 1 |a Holas, Lukáš 
710 2 |a Fakulta medzinárodných vzťahov EU. Katedra medzinárodných ekonomických vzťahov a hospodárskej diplomacie